Normal view
MARC view
Entry Personal Name
001 - CONTROL NUMBER
- control field: 1237426
003 - CONTROL NUMBER IDENTIFIER
- control field: OSt
005 - DATE AND TIME OF LATEST TRANSACTION
- control field: 20260430150419.0
008 - FIXED-LENGTH DATA ELEMENTS
- fixed length control field: 260430|| aca||aabn | a|a d
040 ## - CATALOGING SOURCE
- Original cataloging agency: OSt
- Transcribing agency: OSt
100 ## - HEADING--PERSONAL NAME
- Personal name: Kaur Charanjeet Au.; Tiwari Sandeep Gu
670 ## - SOURCE DATA FOUND
- Source citation: Work cat.: (OSt)1849723: Kaur Charanjeet Au.; Tiwari Sandeep Gu., Validation and Psychometric Evaluation of Athletic Coping Skills Inventory ACSI-28 in Indian Context, 2022
